1r Congreso de Movimientos de Renovación Pedagógica : Ponencias y Comunicaciones : Barcelona, 5 a 10 desembre 1983 Ponencias y Comunicaciones :
Descripción Física:
687 p. ; 31 cm
Materias:
Pedagogia -- Congressos
MARC
| LEADER | 00000nam a2200000Ia 4500 | ||
|---|---|---|---|
| 001 | 10298 | ||
| 008 | 160829s9999 xx 000 0 cat d | ||
| 080 | |a FOL-1-94 | ||
| 100 | |a Congreso de Movimientos de Renovación Pedagógica (1r : 1983 : Barcelona) |9 22358 | ||
| 245 | |a 1r Congreso de Movimientos de Renovación Pedagógica : |b Ponencias y Comunicaciones : |b Barcelona, 5 a 10 desembre 1983 | ||
| 260 | |a Barcelona : |b Diputació de Barcelona, [s.a.] | ||
| 300 | |a 687 p. ; |c 31 cm | ||
| 590 | |a Textos en català i castellà. El títol, a la portada, en català, castellà, gallec i euskera. | ||
| 650 | |a Pedagogia |x Congressos |9 21255 | ||
| 710 | 1 | |a Barcelona (Catalunya : Província). |b Diputació |9 52408 | |
| 901 | |a Arxiu | ||
| 942 | |n 1 | ||
| 952 | |0 0 |1 0 |4 0 |6 FOL194 |7 1 |9 42184 |a Arxiu |b Arxiu |d 2016-12-01 |l 0 |o FOL-1-94 |p 10298 |r 2016-12-01 00:00:00 |w 2016-12-01 |y ARXIU | ||
| 999 | |c 44631 |d 44631 | ||